| 000 | 00783cam a2200205 i 4500 | ||
|---|---|---|---|
| 005 | 20251201091525.0 | ||
| 008 | 250721s2004 jo gr 000 0 ara d | ||
| 082 | 1 | 4 |
_a213 _bم ص ط |
| 100 | 1 |
_aمصطفى، اسامة نعيم _eمؤلف. |
|
| 245 | 1 | 0 |
_aموسوعة الترغيب و الترهيب في الدنيا والاخرة / _cتأليف أسامة نعيم مصطفى. |
| 250 | _aالطبعة الأولى. | ||
| 264 | 3 | 1 |
_aعمان : _bدار عالم الثقافة للنشر والتوزيع، _c2003. |
| 300 | _a312 صفحة. | ||
| 650 | 1 | 7 | _aالحديث الشريف. |
| 650 | 1 | 7 | _aالترغيب و الترهيب. |
| 650 | 1 | 7 | _aاليوم الآخر. |
| 650 | 1 | 7 | _aالثواب و العقاب. |
| 942 |
_2ddc _cBK |
||
| 999 |
_c89588 _d89588 |
||